Score 0/10 Timer 05:00
0 Plays Today
Hint Answer % Correct
Alphabetical Order, Seven Deadly Sins: Envy - WrathGreed, Gluttony, Lust, Pride, Sloth
94.5%
Chronological Order, Old Testament Books: Genesis - JudgesExodus, Leviticus, Numbers, Deuteronomy, Joshua
90.4%
Alphabetical Order, Chinese Zodiac Animals: Dog - PigDragon, Goat, Horse, Monkey, Ox
89.2%
Chronological Order, Popes: Pius XII - FrancisJohn XXIII, Paul VI, John Paul I, John Paul II, Benedict XVI
86.8%
Chronological Order, New Testament Books: Matthew - 1 CorinthiansMark, Luke, John, Acts, Romans
85.8%
Alphabetical Order, Astrological Zodiac Signs: Leo - VirgoLibra, Pisces, Sagittarius, Scorpio, Taurus
84.7%
Alphabetical Order, 12 Greek Olympians: Aphrodite - DionysusApollo, Ares, Artemis, Athena, Demeter
81.9%
Alphabetical Order, 9 Gods Of The Egyptian Pantheon: Anubis - SobekBast, Horus, Isis, Osiris, Set
60.6%
Chronological Order, Eightfold Path Of Buddhism: Right View - Right MindfulnessRight Resolve, Right Speech, Right Action, Right Livelihood, Right Effort
19.7%
Chronological Order, Hebrew Calendar Months: Nisan - TishreiIyar, Sivan, Tammuz, Av, Elul
15.2%
Remove Ads.
Support Sporcle.
Get the best of Sporcle when you Go Orange. This ad-free experience offers more features, more stats, and more fun while also helping to support Sporcle. Thank you for becoming a member.

You're not logged in!

Compare scores with friends on all Sporcle quizzes.
OR
Log In

Sporcle TV

Today on Sporcle TV


Watch our educational content, quiz creation guides, and fun videos on Sporcle TV.

Show Comments

Extras

Top Quizzes Today


Score Distribution

Paid Content

Your Account Isn't Verified!

In order to create a playlist on Sporcle, you need to verify the email address you used during registration. Go to your Sporcle Settings to finish the process.

Report this User

Report this user for behavior that violates our Community Guidelines.

Details: